000 00880nam a2200193 i 4500
001 161055
003 ES-MaACL
005 20230906212203.0
008 990604s1813 sp |||| | spa d
100 1 _aOrense, Casimiro de.
_9130682
245 1 0 _aIdeas económicas, políticas y morales :
_bobra original publicada para felicidad de la monarquía española, e ilustración de todo español /
_cpor Casimiro de Orense.
260 _aCadiz :
_b[s.n.],
_c1813 (
_fImp. del Estado-Mayor-General)
300 _a56 p. ;
_c20 cm.
530 _aDisponible en formato digital.
650 4 _aPolítica-
_zEspaña-
_yS.XIX.
_9149874
650 4 _aLiberalismo-
_zEspaña-
_yS.XIX.
_914390
852 4 _aES-MaACL
_jT-23-F-15
_z- Enc. hol., falto de cub. original
_z- Enc. en un vol. facticio
856 4 _uhttp://bdh-rd.bne.es/viewer.vm?id=0000088291&page=1
_zBiblioteca Digital Hispánica
999 _c161055
_d161055